书目信息 |
| 题名: |
词典学概论
|
|
| 作者: | 胡明扬 编著 | |
| 分册: | ||
| 出版信息: | 北京 中国人民大学出版社 1982 |
|
| 页数: | 225页 | |
| 开本: | 21cm | |
| 丛书名: | ||
| 单 册: | ||
| 中图分类: | H06 | |
| 科图分类: | ||
| 主题词: | 词典学--概论 | |
| 电子资源: | ||
| ISBN: | ||
| 000 | 00602nam0 2200229 45 | |
| 001 | 0182002101 | |
| 005 | 20060815150519.70 | |
| 010 | @dCNY0.84 | |
| 091 | @a9011.80 | |
| 100 | @a19950727d1982 em y0chiy0121 ea | |
| 101 | 0 | @achi |
| 102 | @aCN@b110000 | |
| 105 | @ay z 000yy | |
| 200 | 10 | @a词典学概论@Aci dian xue gai lun@f胡明扬等编著 |
| 210 | @a北京@c中国人民大学出版社@d1982 | |
| 215 | @a225页@d21cm | |
| 606 | @a词典学@x概论 | |
| 690 | @aH06@v3 | |
| 701 | 0 | @a胡明扬@Ahu ming yang@4编著 |
| 801 | 0 | @aCN@b上海图书馆@c20060815 |
| 801 | 2 | @aCN@bNLC@c20060811 |
| 905 | @f3@b63255-257@dH06@e35 | |
| 词典学概论/胡明扬等编著.-北京:中国人民大学出版社,1982 |
| 225页;21cm |
| ISBN :CNY0.84 |
| ● |
| 相关链接 |
|
|
|
|
正题名:词典学概论
索取号:H06/35
 
预约/预借
| 序号 | 登录号 | 条形码 | 馆藏地/架位号 | 状态 | 备注 |
| 1 | 0063255 | 000822462 | 密集书库/ [索取号:H06/35] | 在馆 | |
| 2 | 0063256 | 000822649 | 密集书库/ [索取号:H06/35] | 在馆 | |
| 3 | 0063257 | 000822658 | 第四借阅区/ [索取号:H06/35] | 在馆 | |
| 4 | 0063258 | 000822453 | 第二样本阅览室/ [索取号:H06/35] | 在馆 | |
| 5 | 0455658 | 204556587 | 密集书库/ [索取号:H06/35] | 在馆 | |
| 6 | 0455659 | 204556596 | 密集书库/ [索取号:H06/35] | 在馆 | |
| 7 | 0455660 | 204556603 | 密集书库/ [索取号:H06/35] | 在馆 | |
| 8 | 0455661 | 204556612 | 密集书库/ [索取号:H06/35] | 在馆 | |
| 9 | 0462859 | 204628590 | 密集书库/ [索取号:H06/35] | 在馆 |